| 000 | 00558pam a2200217 a 4500 | ||
|---|---|---|---|
| 001 | 2941185 | ||
| 005 | 20180308044754.0 | ||
| 008 | 900814s1991 maua b 001 0 eng | ||
| 010 | _a 90001267 | ||
| 020 | _a0205126820 | ||
| 040 |
_aDLC _cDLC _dDLC |
||
| 041 | _aeng | ||
| 080 | _a649.1 LAU | ||
| 082 | 0 | 0 |
_a649.1 LAU _220 |
| 100 | 1 | _a48 | |
| 101 | _aSOC | ||
| 245 | 1 | 0 |
_aChild development / _cLaura E. Berk. |
| 504 | _aIncludes bibliographical references and index. | ||
| 906 |
_a7 _bcbc _corignew _d1 _eocip _f19 _gy-gencatlg |
||
| 942 |
_2ddc _cBK |
||
| 999 |
_c44426 _d44426 |
||